Central Library, Doon University
WEBOPAC (ONLINE PUBLIC ACCESS CATALOGUE)

Group Ring Groups (Record no. 60736)

MARC details
000 -LEADER
fixed length control field 00532nam a22001937a 4500
005 - DATE & TIME
control field 20260424152544.0
008 - FIXED-LENGTH DATA ELEMENTS--GENERAL INFORMATION
fixed length control field 260424b |||||||| |||| 00| 0 eng d
020 ## - ISBN
International Standard Book Number 9783111700700
Price 1099.00
040 ## - CATALOGING SOURCE
Original cataloging agency Doon University
041 ## - Language
Language English
082 ## - DDC NUMBER
Classification number 512.4
Book Number JES
100 ## - MAIN ENTRY--PERSONAL NAME
Personal name Jespers, Eric
245 ## - TITLE STATEMENT
Title Group Ring Groups
Sub Title : Structure Theorems of Unit Groups
260 ## - PUBLICATION, DISTRIBUTION, ETC. (IMPRINT)
Place of publication, distribution, etc Berlin
Name of publisher, distributor, etc De Gruyter
Date of publication, distribution, etc 2025
300 ## - PHYSICAL DESCRIPTION
Pages 217
Other Details Vol.1st
650 ## - Subject
Subject Mathematics (PM USHA)
700 ## - Added Entry Personal Name
Added Entry Personal Name Rio, Angel Del
942 ## - ADDED ENTRY ELEMENTS (KOHA)
Koha item type Books
100 ## - MAIN ENTRY--PERSONAL NAME
-- 26750
650 ## - Subject
-- 26738
700 ## - Added Entry Personal Name
-- 26751
952 ## - LOCATION AND ITEM INFORMATION (KOHA)
-- 2026-04-24
952 ## - LOCATION AND ITEM INFORMATION (KOHA)
-- 2026-04-24
952 ## - LOCATION AND ITEM INFORMATION (KOHA)
-- 2026-04-24
Holdings
Withdrawn status Lost status Source of classification or shelving scheme Damaged status Not for loan Location (home branch) Sublocation or collection (holding branch) Date acquired Koha issues (times borrowed) Koha full call number Accession No. Koha date last seen Koha item type
          Doon University Doon University 24.04.2026   512.4 JES 32824 24.04.2026 Books
          Doon University Doon University 24.04.2026   512.4 JES 32825 24.04.2026 Books
          Doon University Doon University 24.04.2026   512.4 JES 32826 24.04.2026 Books
Contact : +91-135-2533126 (Library),+91-135-2533105 (Admin Office) , Email : doonlibrary@gmail.com

Powered by Koha